• 首页
  • 本馆介绍
  • 公告通知
  • 最新文献
  • 馆藏检索
  • 电子资源
  • 读者导购
  • 参考咨询
  • 我的图书馆
  • 登录
  • 详细信息显示
  • 放入我的书架
  • 预约/预借图书
  • 作者相关作品
  • 分类相关作品
  • 丛书相关作品
  • 出版社相关作品

书目信息

  • 表格格式
  • 工作单格式
  • 卡片格式
题名:
媒介转型论
    
 
作者: 刘阳 著
分册:  
出版信息: 北京   中国传媒大学出版社  2008.03
页数: 292页
开本: 24cm
丛书名: 21世纪媒介理论丛书
单 册:
中图分类: J943
科图分类:
主题词: 电影市场学--研究--中国 , 电影市场学
电子资源:
ISBN: 978-7-81127-101-0
000 01222oam2 2200289 450
001 010700051648
005 20091208152642.31
010    @a978-7-81127-101-0@dCNY38.80
100    @a20080412d2008 em y0chiy0110 ea
101 0  @achi
102    @aCN@b110000
105    @ay z 000yy
106    @ar
200 1  @a媒介转型论@9mei jie zhuan xing lun@e从第五代、第六代导演看中国当代电影的商业化转型@f刘阳著
210    @a北京@c中国传媒大学出版社@d2008.03
215    @a292页@d24cm
225 2  @a21世纪媒介理论丛书
300    @a浙江省哲学社会科学规划课题研究成果 浙江省传播与文化产业研究中心资助项目
330    @a媒介转型是伴随社会转型而来的全球趋势,作者选取中国第五代、第六代电影导演的商业化转型这一特殊视角加以观照,深入触及当代中国电影转型过程中存在的问题,并结合国外影视创作现状纵横对比,提出建议与对策。
461  0 @12001 @a21世纪媒介理论丛书@1701 0@a邵培仁@4主编
517 1  @a从第五代、第六代导演看中国当代电影的商业化转型@9cong di wu dai、 di liu dai dao yan kan zhong guo dang dai dian ying de shang ye hua zhuan xing
606 0  @a电影市场学@x研究@y中国
606 0  @a电影市场学
690    @aJ943@v4
701  0 @a刘阳@9liu yang@4著
801  0 @aCN@bRENTIAN@c20091208
905    @b20795954-58@dJ943@e229@f5
    
    媒介转型论:从第五代、第六代导演看中国当代电影的商业化转型/刘阳著.-北京:中国传媒大学出版社,2008.03
    292页;24cm.-(21世纪媒介理论丛书)
    浙江省哲学社会科学规划课题研究成果 浙江省传播与文化产业研究中心资助项目
    
    ISBN 978-7-81127-101-0:CNY38.80
    媒介转型是伴随社会转型而来的全球趋势,作者选取中国第五代、第六代电影导演的商业化转型这一特殊视角加以观照,深入触及当代中国电影转型过程中存在的问题,并结合国外影视创作现状纵横对比,提出建议与对策。
●
相关链接 在E读中查询图书 在五车中查询图书 在当当中查询图书 在豆瓣中查询图书


正题名:媒介转型论     索取号:J943/229         预约/预借

序号 登录号 条形码 馆藏地/架位号 状态 备注
1 795954   207959547   第一样本阅览室/ [索取号:J943/229] 在馆    
2 795955   207959556   第一借阅区/ [索取号:J943/229] 在馆    
3 795956   207959565   第一借阅区/ [索取号:J943/229] 在馆    
4 795957   207959574   第一借阅区/ [索取号:J943/229] 在馆    
5 795958   207959583   密集书库-文学院/ [索取号:J943/229] 在馆    
唐山师范学院图书馆 欢迎您!
大连网信软件有限公司© 版权所有